<?xml version="1.0" encoding="UTF-8"?>
<record
    xmlns:xsi="http://www.w3.org/2001/XMLSchema-instance"
    xsi:schemaLocation="http://www.loc.gov/MARC21/slim http://www.loc.gov/standards/marcxml/schema/MARC21slim.xsd"
    xmlns="http://www.loc.gov/MARC21/slim">

  <leader>00411nam a2200169Ia 4500</leader>
  <controlfield tag="008">221030s9999    xx            000 0 und d</controlfield>
  <datafield tag="020" ind1=" " ind2=" ">
    <subfield code="a">1259004740</subfield>
  </datafield>
  <datafield tag="041" ind1=" " ind2=" ">
    <subfield code="a">English</subfield>
  </datafield>
  <datafield tag="100" ind1=" " ind2=" ">
    <subfield code="a">M. Levy</subfield>
  </datafield>
  <datafield tag="245" ind1=" " ind2="0">
    <subfield code="a">Retailing Management</subfield>
    <subfield code="c">by M. Levy, B. A. Weitz</subfield>
  </datafield>
  <datafield tag="250" ind1=" " ind2=" ">
    <subfield code="a">8th</subfield>
  </datafield>
  <datafield tag="260" ind1=" " ind2=" ">
    <subfield code="b">McGraw - Hill Pub.</subfield>
    <subfield code="a">New Delhi</subfield>
    <subfield code="c">2015</subfield>
  </datafield>
  <datafield tag="300" ind1=" " ind2=" ">
    <subfield code="a">848</subfield>
  </datafield>
  <datafield tag="650" ind1=" " ind2=" ">
    <subfield code="a">Management</subfield>
  </datafield>
  <datafield tag="700" ind1=" " ind2=" ">
    <subfield code="a">B. A. Weitz</subfield>
  </datafield>
  <datafield tag="942" ind1=" " ind2=" ">
    <subfield code="c">BK</subfield>
  </datafield>
  <datafield tag="999" ind1=" " ind2=" ">
    <subfield code="c">16984</subfield>
    <subfield code="d">16984</subfield>
  </datafield>
  <datafield tag="952" ind1=" " ind2=" ">
    <subfield code="p">MBA 3218</subfield>
    <subfield code="g">750.00</subfield>
    <subfield code="i">11546</subfield>
    <subfield code="l">0</subfield>
    <subfield code="e">RKB</subfield>
    <subfield code="r">2024-04-19 00:00:00</subfield>
    <subfield code="w">2022-10-30</subfield>
    <subfield code="y">BK</subfield>
    <subfield code="0">0</subfield>
    <subfield code="3">Print</subfield>
    <subfield code="4">0</subfield>
    <subfield code="7">1</subfield>
    <subfield code="a">MIETLIB</subfield>
    <subfield code="b">MIETLIB</subfield>
    <subfield code="c">BL-Academic Block B, FL-2, CUP-66, SH-4, R-4</subfield>
    <subfield code="d">2016-11-22</subfield>
    <subfield code="1">0</subfield>
    <subfield code="H">MBA</subfield>
  </datafield>
  <datafield tag="952" ind1=" " ind2=" ">
    <subfield code="p">MBA 3219</subfield>
    <subfield code="g">750.00</subfield>
    <subfield code="i">11546</subfield>
    <subfield code="l">1</subfield>
    <subfield code="e">RKB</subfield>
    <subfield code="q">2023-05-01</subfield>
    <subfield code="r">2023-04-20 00:00:00</subfield>
    <subfield code="s">2023-04-20</subfield>
    <subfield code="w">2022-10-30</subfield>
    <subfield code="y">BK</subfield>
    <subfield code="0">0</subfield>
    <subfield code="3">Print</subfield>
    <subfield code="4">0</subfield>
    <subfield code="7">0</subfield>
    <subfield code="a">MIETLIB</subfield>
    <subfield code="b">MIETLIB</subfield>
    <subfield code="c">BL-Academic Block B, FL-2, CUP-115, SH-5, R-5</subfield>
    <subfield code="d">2016-11-22</subfield>
    <subfield code="1">0</subfield>
    <subfield code="H">MBA</subfield>
  </datafield>
  <datafield tag="952" ind1=" " ind2=" ">
    <subfield code="p">MBA 3220</subfield>
    <subfield code="g">750.00</subfield>
    <subfield code="i">11546</subfield>
    <subfield code="l">1</subfield>
    <subfield code="e">RKB</subfield>
    <subfield code="r">2026-05-19 10:02:22</subfield>
    <subfield code="s">2024-01-16</subfield>
    <subfield code="w">2022-10-30</subfield>
    <subfield code="y">BK</subfield>
    <subfield code="0">0</subfield>
    <subfield code="3">Print</subfield>
    <subfield code="4">0</subfield>
    <subfield code="7">0</subfield>
    <subfield code="a">MIETLIB</subfield>
    <subfield code="b">MIETLIB</subfield>
    <subfield code="c">BL-Academic Block B, FL-2, CUP-115, SH-5, R-5</subfield>
    <subfield code="d">2016-11-22</subfield>
    <subfield code="1">0</subfield>
    <subfield code="H">MBA</subfield>
  </datafield>
  <datafield tag="952" ind1=" " ind2=" ">
    <subfield code="p">MBA 3324</subfield>
    <subfield code="g">750.00</subfield>
    <subfield code="i">11580</subfield>
    <subfield code="l">1</subfield>
    <subfield code="e">RKB</subfield>
    <subfield code="r">2024-04-19 00:00:00</subfield>
    <subfield code="s">2024-03-19</subfield>
    <subfield code="w">2022-10-30</subfield>
    <subfield code="y">BK</subfield>
    <subfield code="0">0</subfield>
    <subfield code="3">Print</subfield>
    <subfield code="4">0</subfield>
    <subfield code="7">0</subfield>
    <subfield code="a">MIETLIB</subfield>
    <subfield code="b">MIETLIB</subfield>
    <subfield code="c">BL-Academic Block B, FL-2, CUP-115, SH-5, R-5</subfield>
    <subfield code="d">2016-12-02</subfield>
    <subfield code="1">0</subfield>
    <subfield code="H">MBA</subfield>
  </datafield>
  <datafield tag="952" ind1=" " ind2=" ">
    <subfield code="p">MBA 3325</subfield>
    <subfield code="g">750.00</subfield>
    <subfield code="i">11580</subfield>
    <subfield code="l">2</subfield>
    <subfield code="e">RKB</subfield>
    <subfield code="r">2024-06-21 00:00:00</subfield>
    <subfield code="s">2024-06-21</subfield>
    <subfield code="w">2022-10-30</subfield>
    <subfield code="y">BK</subfield>
    <subfield code="0">0</subfield>
    <subfield code="3">Print</subfield>
    <subfield code="4">0</subfield>
    <subfield code="7">0</subfield>
    <subfield code="a">MIETLIB</subfield>
    <subfield code="b">MIETLIB</subfield>
    <subfield code="c">BL-Academic Block B, FL-2, CUP-115, SH-5, R-5</subfield>
    <subfield code="d">2016-12-02</subfield>
    <subfield code="1">0</subfield>
    <subfield code="H">MBA</subfield>
  </datafield>
  <datafield tag="952" ind1=" " ind2=" ">
    <subfield code="p">MBA 3326</subfield>
    <subfield code="g">750.00</subfield>
    <subfield code="i">11580</subfield>
    <subfield code="l">0</subfield>
    <subfield code="e">RKB</subfield>
    <subfield code="r">2024-04-19 00:00:00</subfield>
    <subfield code="w">2022-10-30</subfield>
    <subfield code="y">BK</subfield>
    <subfield code="0">0</subfield>
    <subfield code="3">Print</subfield>
    <subfield code="4">0</subfield>
    <subfield code="7">0</subfield>
    <subfield code="a">MIETLIB</subfield>
    <subfield code="b">MIETLIB</subfield>
    <subfield code="c">BL-Academic Block B, FL-2, CUP-115, SH-5, R-5</subfield>
    <subfield code="d">2016-12-02</subfield>
    <subfield code="1">0</subfield>
    <subfield code="H">MBA</subfield>
  </datafield>
</record>
